MAD Magazine TV Spoofs Quiz Stats

Quiz Updated Jul 11, 2017

Challenge
Share
Tweet
Score 0/40 Timer 06:00
0 Plays Today
Spoof TV Show % Correct
30 Crock30 Rock
95.5%
FiendsFriends
94.9%
Yell's KitchenHell's Kitchen
94.8%
Two and a Half WitsTwo and a Half Men
94.1%
SmellvilleSmallville
91.3%
BabewatchBaywatch
91%
BeersCheers
90.2%
SchlubsScrubs
89.3%
Mission: RidiculousMission: Impossible
89%
The Worst WingThe West Wing
87.4%
ZeroesHeroes
87%
Fool HouseFull House
86.1%
Forget SmartGet Smart
84.4%
Spit CitySpin City
83.9%
In Livid ColorIn Living Color
81.2%
One Dame at a TimeOne Day at a Time
77.7%
SwinefilledSeinfeld
75.9%
Hokum's HeroesHogan's Heroes
75.7%
Murky BrownMurphy Brown
75.7%
Why Spy?I Spy
75%
Spoof TV Show % Correct
Just Spoof Me!Just Shoot Me!
74.2%
Wilt and CrazeWill and Grace
72.1%
The SupremosThe Sopranos
72%
CHiMPsCHiPs
70.7%
Nut CourtNight Court
69.4%
The Moronic WomanThe Bionic Woman
68.7%
KojerkKojak
68.4%
Swill Street BluesHill Street Blues
67.7%
The F.I.B.The F.B.I.
66%
The Flying NutThe Flying Nun
65.1%
The Odd SquadThe Mod Squad
64.9%
The Putrid FamilyThe Partridge Family
62.8%
Dorky Housecall, M.D.Doogie Howser, M.D.
62.3%
Die-NastyDynasty
60.9%
Moon-FightingMoonlighting
59.7%
The Man From A.U.N.T.I.E.The Man From U.N.C.L.E.
57%
Dud The Lousy HunterDog The Bounty Hunter
56.3%
Makeus Sickby M.D.Marcus Welby, M.D.
39%
Lou GrouchLou Grant
38.7%
Dr. KiljoyDr. Kildare
29.3%

You're not logged in!

Compare scores with friends on all Sporcle quizzes.
Sign Up with Email
OR
Log In

You Might Also Like...

Show Comments

Extras

Top Quizzes Today


Score Distribution

Your Account Isn't Verified!

In order to create a playlist on Sporcle, you need to verify the email address you used during registration. Go to your Sporcle Settings to finish the process.